|
|
|
|
| LEADER |
00000naa a2200000uu 4500 |
| 001 |
vtls011054713 |
| 003 |
SK-MaSNL |
| 005 |
20260302115409.0 |
| 008 |
210907|2001 xo |||||||||||||||||slo| |
| 015 |
|
|
|a SNBRA
|
| 035 |
|
|
|a (urnnbn)urn:nbn:sk:snk:ar-a0bxmo
|
| 035 |
|
|
|a (uuid)f1bcec37-69e2-46a7-a202-244830097148
|
| 035 |
|
|
|a urn:nbn:sk:snk-aav4bj
|
| 040 |
|
|
|a SNKBUCL
|b slo
|c SNKBUCL
|e AACR2
|
| 041 |
0 |
|
|a slo
|
| 044 |
|
|
|a xo
|c SK
|
| 100 |
1 |
|
|a Szabová, Terézia
|4 aut
|9 450252
|
| 245 |
1 |
0 |
|a MOŽNOSTI REVITALIZÁCIE PÔD KONTAMINOVANÝCH ŤAŽKÝMI KOVMI
|c Terézia SZABOVÁ, Milan BÚGEL
|
| 246 |
3 |
|
|a POSSIBILITIES OF REVITALIZATION OF SOILS CONTAMINATED HEAVY METALS
|
| 700 |
1 |
|
|a Búgel, Milan
|4 aut
|9 12939
|
| 773 |
0 |
|
|t Zborník vedeckých prác z Medzinárodných vedeckých dní 2001
|d Nitra : Slovenská poľnohospodárska univerzita, 2001
|g S. 1209-1213
|z 8071378690
|
| 958 |
|
|
|a OND
|
| 958 |
|
|
|a article12
|
| 958 |
|
|
|a chapter
|
| 999 |
|
|
|c 1264521
|d 1266451
|